| 000 | 00000nam 2200000zi 4500 |
| 001 | 9.939286 |
| 003 | CaOODSP |
| 005 | 20250822080020 |
| 006 | m o d f |
| 007 | cr mn||||||||| |
| 008 | 240613t20242024onc o f000 0 eng d |
| 020 | |a9780660723440 |
| 040 | |aCaOODSP|beng|erda|cCaOODSP |
| 041 | 0 |aeng|afre |
| 043 | |an-cn--- |
| 045 | |ay2y2 |
| 086 | 1 |aCi4-183/1-2024E-PDF |
| 245 | 00|a2023-24 IRCC annual tracking study : |bfinal report / |cprepared for Immigration, Refugees and Citizenship Canada. |
| 246 | 17|aImmigration, Refugees and Citizenship Canada : |b2023-24 IRCC annual tracking study |
| 264 | 1|a[Ottawa] : |bImmigration, Refugees and Citizenship Canada = Immigration, réfugiés et citoyenneté Canada, |c2024. |
| 264 | 4|c©2024 |
| 300 | |a1 online resource (41 pages) + |eappendix (58 unnumbered pages) + summary (9 pages) |
| 336 | |atext|btxt|2rdacontent |
| 337 | |acomputer|bc|2rdamedia |
| 338 | |aonline resource|bcr|2rdacarrier |
| 500 | |aIssued also in French under title: 2023-24 étude de suivi annuelle d'IRCC : rapport final. |
| 500 | |aTitle from cover. |
| 500 | |a"Supplier name: Ipsos." |
| 500 | |a"Contract number: CW2334125." |
| 500 | |a"Delivery date: 2024-03-29." |
| 500 | |a"Registration number: POR 069-23." |
| 546 | |aText in English; Appendix 2 in English and French. |
| 610 | 10|aCanada. |bImmigration, Refugees and Citizenship Canada|xPublic opinion. |
| 650 | 0|aImmigrants|zCanada|xPublic opinion. |
| 650 | 0|aRefugees|zCanada|xPublic opinion. |
| 650 | 0|aPublic opinion|zCanada. |
| 651 | 0|aCanada|xEmigration and immigration|xPublic opinion. |
| 710 | 1 |aCanada. |bImmigration, Refugees and Citizenship Canada, |eissuing body. |
| 710 | 2 |aIpsos (Firm). |bPublic Affairs, |econsultant. |
| 775 | 08|t2023-24 étude de suivi annuelle d'IRCC : |w(CaOODSP)9.939287 |
| 794 | |t2024-25 IRCC annual tracking survey : |w(CaOODSP)9.947396 |
| 795 | |t2022-23 IRCC annual tracking survey : |w(CaOODSP)9.925180 |
| 856 | 40|qPDF|s823 KB|uhttps://publications.gc.ca/collections/collection_2024/ircc/Ci4-183-1-2024-eng.pdf|zFinal report |
| 856 | 40|qPDF|s822 KB|uhttps://publications.gc.ca/collections/collection_2024/ircc/Ci4-183-1-2024-1.pdf|zAppendix 2 |
| 856 | 40|qPDF|s318 KB|uhttps://publications.gc.ca/collections/collection_2024/ircc/Ci4-183-1-2024-2-eng.pdf|zExecutive summary |
| 856 | 4 |qHTML|sN/A|uhttps://epe.bac-lac.gc.ca/100/200/301/pwgsc-tpsgc/por-ef/immigration_refugees/2024/069-23-e/POR069-23-report.html|zFinal report |
| 856 | 4 |qHTML|sN/A|uhttps://epe.bac-lac.gc.ca/100/200/301/pwgsc-tpsgc/por-ef/immigration_refugees/2024/069-23-e/POR069-23-Instrument-appendix.htm|zAppendix 2 |
| 856 | 4 |qHTML|sN/A|uhttps://epe.bac-lac.gc.ca/100/200/301/pwgsc-tpsgc/por-ef/immigration_refugees/2024/069-23-e/summary/POR069-23-summary.html|zExecutive summary |
| 856 | 4 |qHTML|sN/A|uhttps://epe.bac-lac.gc.ca/100/200/301/pwgsc-tpsgc/por-ef/immigration_refugees/2024/069-23-e/index.html|zComplete dataset |